00487nam a2200205Ia 4500008004100000020001800041050001400059100002200073245003000095245002500125260001500150260001600165260000900181300001600190300002600206300001000232300002400242440000700266500000800273170918s9999 xx 000 0 und d a9780439691390 bS857 2005 aStilton, Geronimo 2aA cheese-colored camper / cby Geronimo Stilton. aNew York : bScholastic, c2005 a111 pages : bcolor illustrations ; c19cm. eGeronimo Stilton ;  a16 a430